000 00235 a2200097 4500
001 57093
100 _a
245 _a Selected Poetry And Prose of Shelley
260 _aGreat Britian
_bwordsworth
_c2002
090 _c35023
_d35023
942 _aNUST-CAE
_cMONOGRAPH
_c27807
999 _c292166
_d292166